[Event "GER-chT U20 Girls"]
[Site "Osnabrueck"]
[Date "2011.12.29"]
[Round "6.3"]
[White "Rosenfeld, Elisabeth"]
[Black "Schaetz, Annika"]
[Result "1/2-1/2"]
[WhiteElo "1659"]
[BlackElo "1752"]
[PlyCount "59"]
[EventDate "2011.12.27"]
[EventType "team-swiss"]
[EventRounds "7"]
[EventCountry "GER"]
[SourceTitle "CBM 146 Extra"]
[Source "ChessBase"]
[SourceDate "2012.02.29"]
[SourceVersion "1"]
[SourceVersionDate "2012.02.29"]
[SourceQuality "1"]
[WhiteTeam "Muelheim Nord (W)"]
[BlackTeam "Chemnitz USG (W)"]
[WhiteTeamCountry "GER"]
[BlackTeamCountry "GER"]

1. e4 c5 2. Nf3 Nc6 3. d4 cxd4 4. Nxd4 Nf6 5. Nc3 d6 6. Bb5 Bd7 7. 0-0 e6 8. Bg5 Be7 9. Qd2 a6 10. Ba4 b5 11. Bb3 b4 12. Bxf6 Bxf6 13. Nce2 Nxd4 14. Nxd4 Qb6 15. Rad1 0-0 16. c3 bxc3 17. Qxc3 Bb5 18. Rfe1 Rac8 19. Qb4 Qc5 20. Qxc5 Rxc5 21. Nxb5 axb5 22. Rxd6 Bxb2 23. f3 Bc3 24. Red1 b4 25. Kf1 g6 26. Rd7 Rfc8 27. Rb7 R5c7 28. Rxc7 Rxc7 29. Ke2 Kf8 30. g3 1/2-1/2

[Event "GER-chT U20 Girls"]
[Site "Osnabrueck"]
[Date "2011.12.29"]
[Round "5.3"]
[White "Schaetz, Annika"]
[Black "Kleinschmidt, Annika"]
[Result "1-0"]
[WhiteElo "1752"]
[BlackElo "1438"]
[PlyCount "47"]
[EventDate "2011.12.27"]
[EventType "team-swiss"]
[EventRounds "7"]
[EventCountry "GER"]
[SourceTitle "CBM 146 Extra"]
[Source "ChessBase"]
[SourceDate "2012.02.29"]
[SourceVersion "1"]
[SourceVersionDate "2012.02.29"]
[SourceQuality "1"]
[WhiteTeam "Chemnitz USG (W)"]
[BlackTeam "Nordhorn Blanke (W)"]
[WhiteTeamCountry "GER"]
[BlackTeamCountry "GER"]

1. e4 c5 2. Nf3 Nc6 3. d4 cxd4 4. Nxd4 g6 5. Nc3 Bg7 6. Be3 Nf6 7. f3 Qb6 8. Nf5 Qxb2 9. Nxg7+ Kf8 10. Na4 Qb4+ 11. c3 Qa5 12. Bh6 Kg8 13. Rb1 d5 14. exd5 Nxd5 15. Bb5 Nxc3 16. Nxc3 Qxc3+ 17. Qd2 Qe5+ 18. Kf2 Qc5+ 19. Kg3 e6 20. Bxc6 bxc6 21. Qd8+ Qf8 22. Qxf8+ Kxf8 23. Nxe6+ Ke7 24. Nc7 1-0

[Event "GER-chT U20 Girls"]
[Site "Osnabrueck"]
[Date "2011.12.28"]
[Round "3.3"]
[White "Schaetz, Annika"]
[Black "Schaefer, Daniela"]
[Result "0-1"]
[WhiteElo "1752"]
[BlackElo "1915"]
[PlyCount "74"]
[EventDate "2011.12.27"]
[EventType "team-swiss"]
[EventRounds "7"]
[EventCountry "GER"]
[SourceTitle "CBM 146 Extra"]
[Source "ChessBase"]
[SourceDate "2012.02.29"]
[SourceVersion "1"]
[SourceVersionDate "2012.02.29"]
[SourceQuality "1"]
[WhiteTeam "Chemnitz USG (W)"]
[BlackTeam "Stuttgart Wolfbusch (W)"]
[WhiteTeamCountry "GER"]
[BlackTeamCountry "GER"]

1. e4 d6 2. d4 g6 3. Nc3 Bg7 4. f4 Nf6 5. Nf3 0-0 6. Bd3 Nbd7 7. e5 Ne8 8. Be3 c5 9. exd6 cxd4 10. Bxd4 Bxd4 11. Nxd4 Nxd6 12. Qd2 Qb6 13. Nb3 Nf6 14. h3 Bd7 15. 0-0-0 Rfd8 16. g4 Bc6 17. Rhg1 a5 18. Qe2 a4 19. Nd2 a3 20. b3 Qb4 21. Ncb1 Nd5 22. Rdf1 Nb5 23. Ne4 Nbc3 24. Nbxc3 Nxc3 25. Nxc3 Qxc3 26. f5 Bb5 27. Rg3 Rac8 28. Kd1 Qa1+ 29. Kd2 Qc3+ 30. Kd1 Bxd3 31. Rxd3 Qa1+ 32. Kd2 Qxa2 33. Rxd8+ Rxd8+ 34. Ke3 Qb2 35. Qc4 Qe5+ 36. Kf3 a2 37. Qa4 Qc3+ 0-1

[Event "GER-chT U20 Girls"]
[Site "Osnabrueck"]
[Date "2011.12.28"]
[Round "4.3"]
[White "Spangenberg, Pia"]
[Black "Schaetz, Annika"]
[Result "1/2-1/2"]
[WhiteElo "1642"]
[BlackElo "1752"]
[PlyCount "59"]
[EventDate "2011.12.27"]
[EventType "team-swiss"]
[EventRounds "7"]
[EventCountry "GER"]
[SourceTitle "CBM 146 Extra"]
[Source "ChessBase"]
[SourceDate "2012.02.29"]
[SourceVersion "1"]
[SourceVersionDate "2012.02.29"]
[SourceQuality "1"]
[WhiteTeam "Leipzig Lindenau (W)"]
[BlackTeam "Chemnitz USG (W)"]
[WhiteTeamCountry "GER"]
[BlackTeamCountry "GER"]

1. d4 Nf6 2. Nf3 g6 3. Bg5 Bg7 4. e3 d6 5. Bd3 0-0 6. c3 c5 7. Nbd2 a6 8. Qc2 b5 9. Ne4 Nxe4 10. Bxe4 d5 11. Bd3 c4 12. Be2 Bf5 13. Qd2 Nc6 14. Bf4 Re8 15. Ne5 Qb6 16. g4 Bc8 17. h4 f6 18. Nxc6 Qxc6 19. g5 e5 20. gxf6 exf4 21. fxg7 Kxg7 22. Rg1 fxe3 23. fxe3 Qf6 24. 0-0-0 Qxh4 25. Bf3 Be6 26. Qg2 Rad8 27. Rh1 Qe7 28. Rdg1 Bf5 29. Re1 Be6 30. Reg1 1/2-1/2

[Event "GER-chT U20 Girls"]
[Site "Osnabrueck"]
[Date "2011.12.27"]
[Round "1.3"]
[White "Bachem, Lisa"]
[Black "Schaetz, Annika"]
[Result "0-1"]
[WhiteElo "1589"]
[BlackElo "1752"]
[PlyCount "100"]
[EventDate "2011.12.27"]
[EventType "team-swiss"]
[EventRounds "7"]
[EventCountry "GER"]
[SourceTitle "CBM 146 Extra"]
[Source "ChessBase"]
[SourceDate "2012.02.29"]
[SourceVersion "1"]
[SourceVersionDate "2012.02.29"]
[SourceQuality "1"]
[WhiteTeam "Fritzdorf (W)"]
[BlackTeam "Chemnitz USG (W)"]
[WhiteTeamCountry "GER"]
[BlackTeamCountry "GER"]

1. e4 c5 2. Nf3 Nc6 3. d4 cxd4 4. Nxd4 Nf6 5. Nc3 d6 6. Bb5 Bd7 7. 0-0 e6 8. Bg5 Be7 9. Nf3 a6 10. Bc4 Qc7 11. Re1 0-0 12. Qd2 Rad8 13. Rad1 b5 14. Bb3 Bc8 15. Re3 Ne5 16. Nxe5 dxe5 17. Rd3 b4 18. Qe2 bxc3 19. Rxc3 Rxd1+ 20. Qxd1 Rd8 21. Qe2 Qb7 22. f3 Bd7 23. Bxf6 Bxf6 24. Rd3 Qb6+ 25. Qf2 Qxf2+ 26. Kxf2 Bb5 27. Rxd8+ Bxd8 28. c4 Bc6 29. Bc2 Bb6+ 30. Ke2 a5 31. b3 h5 32. g3 g6 33. g4 Kg7 34. h3 Kh6 35. Kf1 Kg5 36. Kg2 hxg4 37. hxg4 f5 38. gxf5 exf5 39. Kg3 f4+ 40. Kg2 Kh4 41. Kh2 g5 42. Kg2 g4 43. fxg4 Kxg4 44. Bd1+ Kh4 45. Bf3 Bd7 46. Be2 Bg4 47. Bf1 Bh3+ 48. Kf3 Bxf1 49. c5 Bxc5 50. a4 Bd3 0-1

[Event "BL 1011 (Women)"]
[Site "Germany"]
[Date "2011.01.09"]
[Round "5.6"]
[White "Burzler, Anette"]
[Black "Schaetz, Annika"]
[Result "0-1"]
[WhiteElo "1644"]
[BlackElo "1786"]
[PlyCount "46"]
[EventDate "2010.11.06"]
[EventType "team-tourn"]
[EventRounds "11"]
[EventCountry "GER"]
[SourceTitle "EXT 2012"]
[Source "ChessBase"]
[SourceDate "2011.11.24"]
[SourceVersion "1"]
[SourceVersionDate "2011.11.24"]
[SourceQuality "1"]
[WhiteTeam "Bad Koenigshofen (W)"]
[BlackTeam "Rodewisch (W)"]
[WhiteTeamCountry "GER"]
[BlackTeamCountry "GER"]

1. Nf3 c5 2. d3 Nc6 3. g3 g6 4. Bg2 Bg7 5. 0-0 Nf6 6. e4 d6 7. Nbd2 0-0 8. c3 Nd7 9. Nc4 b5 10. Ne3 b4 11. Qc2 Ba6 12. Ne1 bxc3 13. bxc3 Rb8 14. f4 e6 15. Nc4 Bxc4 16. dxc4 Nb6 17. Rf3 Nxc4 18. Bf1 Nb6 19. Nd3 Nb4 20. Qd2 Nc4 21. Qd1 Bxc3 22. Nxb4 Bd4+ 23. Kh1 Rxb4 0-1

[Event "BL 1011 (Women)"]
[Site "Germany"]
[Date "2010.11.06"]
[Round "1.6"]
[White "Wiesner, Paula"]
[Black "Schaetz, Annika"]
[Result "1/2-1/2"]
[WhiteElo "1804"]
[BlackElo "1786"]
[PlyCount "84"]
[EventDate "2010.11.06"]
[EventType "team-tourn"]
[EventRounds "11"]
[EventCountry "GER"]
[SourceTitle "EXT 2012"]
[Source "ChessBase"]
[SourceDate "2011.11.24"]
[SourceVersion "1"]
[SourceVersionDate "2011.11.24"]
[SourceQuality "1"]
[WhiteTeam "Karlsruhe (W)"]
[BlackTeam "Rodewisch (W)"]
[WhiteTeamCountry "GER"]
[BlackTeamCountry "GER"]

1. d4 Nf6 2. c4 c5 3. Nf3 g6 4. Nc3 Bg7 5. e3 0-0 6. Bd3 d5 7. dxc5 dxc4 8. Bxc4 Qa5 9. 0-0 Qxc5 10. Qe2 Nc6 11. e4 Bg4 12. Be3 Qh5 13. h3 Bxf3 14. Qxf3 Qxf3 15. gxf3 Ne5 16. Be2 Rfd8 17. Rfd1 Nc6 18. Rac1 Rac8 19. Bb5 a6 20. Rxd8+ Nxd8 21. Be2 Nc6 22. f4 e5 23. fxe5 Nxe5 24. f3 b5 25. a3 Nfd7 26. Rd1 Nf6 27. Rd6 Ra8 28. f4 Nc4 29. Bxc4 bxc4 30. Rc6 Rb8 31. Bc1 Nh5 32. Rxc4 Rd8 33. Kg2 h6 34. Rc5 Rd3 35. e5 Rg3+ 36. Kh2 Rf3 37. Rc4 Rf2+ 38. Kg1 Rf3 39. Kg2 Rg3+ 40. Kh2 Rf3 41. Nd5 g5 42. Rc8+ Kh7 1/2-1/2

[Event "GER-ch U16 Girls"]
[Site "Willingen"]
[Date "2009.06.06"]
[Round "9"]
[White "Nguyen Minh, Thuy"]
[Black "Schaetz, Annika"]
[Result "1-0"]
[WhiteElo "1862"]
[BlackElo "1763"]
[PlyCount "65"]
[EventDate "2009.05.30"]
[EventType "swiss"]
[EventRounds "9"]
[EventCountry "GER"]
[SourceTitle "EXT 2010"]
[Source "ChessBase"]
[SourceDate "2010.11.25"]
[SourceVersion "1"]
[SourceVersionDate "2010.11.25"]
[SourceQuality "1"]

1. e4 c5 2. Nf3 d6 3. Nc3 Nf6 4. d4 cxd4 5. Nxd4 Nc6 6. Bg5 e6 7. Qd2 a6 8. 0-0-0 h6 9. Bf4 Bd7 10. Nxc6 Bxc6 11. f3 d5 12. Qe1 Bb4 13. a3 Bxc3 14. Qxc3 0-0 15. g4 Qe7 16. e5 Nd7 17. h4 Qc5 18. Qd3 Bb5 19. Qd2 Rfc8 20. Be3 Qc6 21. Bd4 Nc5 22. Kb1 Ba4 23. Rh2 a5 24. h5 Bb5 25. Bxb5 Qxb5 26. g5 Qd7 27. gxh6 g6 28. hxg6 fxg6 29. h7+ Kh8 30. Qg5 Qg7 31. Rh6 Nd7 32. Rxg6 Qf7 33. Rh1 1-0

[Event "GER-ch U16 Girls"]
[Site "Willingen"]
[Date "2009.05.30"]
[Round "1"]
[White "Schaetz, Annika"]
[Black "Rusch, Julia"]
[Result "1-0"]
[WhiteElo "1763"]
[BlackElo "1425"]
[PlyCount "77"]
[EventDate "2009.05.30"]
[EventType "swiss"]
[EventRounds "9"]
[EventCountry "GER"]
[SourceTitle "EXT 2010"]
[Source "ChessBase"]
[SourceDate "2010.11.25"]
[SourceVersion "1"]
[SourceVersionDate "2010.11.25"]
[SourceQuality "1"]

1. e4 c6 2. d4 d5 3. exd5 cxd5 4. c4 Nf6 5. Nc3 e6 6. Nf3 Nc6 7. Bg5 Be7 8. c5 0-0 9. Rc1 a6 10. Bd3 Qc7 11. Na4 Bd7 12. Nb6 Rae8 13. 0-0 Bd8 14. Bh4 Nb4 15. Bg3 e5 16. dxe5 Nh5 17. e6 Nxg3 18. exd7 Nxf1 19. dxe8Q Rxe8 20. Kxf1 Qc6 21. a3 Nxd3 22. Qxd3 Bxb6 23. b4 Bc7 24. Rd1 Rd8 25. Qf5 g6 26. Qd3 Kf8 27. Qd4 f6 28. Qh4 Kg8 29. Nd4 Qa4 30. Rd3 Be5 31. f4 Bxd4 32. Rxd4 Qxa3 33. Qe1 Kf7 34. Qd1 Qe3 35. Rxd5 Qxf4+ 36. Kg1 Qe3+ 37. Kh1 Re8 38. Rd7+ Ke6 39. Qd5# 1-0

[Event "Sachsen-ch U16 Girls"]
[Site "Sebnitz"]
[Date "2009.04.18"]
[Round "7"]
[White "Schaetz, Annika"]
[Black "Nguyen Minh, Thuy"]
[Result "1-0"]
[WhiteElo "1717"]
[BlackElo "1795"]
[PlyCount "86"]
[EventDate "2009.04.14"]
[EventType "swiss"]
[EventRounds "7"]
[EventCountry "GER"]
[SourceTitle "EXT 2010"]
[Source "ChessBase"]
[SourceDate "2010.11.25"]
[SourceVersion "1"]
[SourceVersionDate "2010.11.25"]
[SourceQuality "1"]

1. e4 e6 2. d4 d5 3. Nc3 Nf6 4. e5 Nfd7 5. f4 c5 6. Be3 Nc6 7. Nf3 a6 8. dxc5 Nxc5 9. Nd4 Be7 10. Be2 0-0 11. 0-0 Nd7 12. Bg4 Ndxe5 13. fxe5 Nxe5 14. Be2 Ng6 15. Nf3 Qd6 16. Qd2 Bd7 17. Bf2 Bc6 18. Rad1 Rad8 19. Nd4 f5 20. Bh5 Nh8 21. Bg3 Qd7 22. Rde1 Bc5 23. Be5 g6 24. Bf3 Nf7 25. Kh1 Nxe5 26. Rxe5 Bxd4 27. Qxd4 Qf7 28. Rfe1 Rfe8 29. Ne2 g5 30. h3 Qe7 31. Bh5 Rf8 32. Ng1 Rd6 33. g4 f4 34. Nf3 h6 35. Bg6 Qf6 36. Bd3 b5 37. Qc5 d4 38. Qxd6 Bxf3+ 39. Kg1 Bd5 40. Qd7 Rf7 41. Qe8+ Kg7 42. Rxe6 f3 43. Rxf6 Rxf6 1-0

[Event "Sachsen-ch U16 Girls"]
[Site "Sebnitz"]
[Date "2009.04.15"]
[Round "2"]
[White "Graf, Maria"]
[Black "Schaetz, Annika"]
[Result "0-1"]
[WhiteElo "1063"]
[BlackElo "1717"]
[PlyCount "96"]
[EventDate "2009.04.14"]
[EventType "swiss"]
[EventRounds "7"]
[EventCountry "GER"]
[SourceTitle "EXT 2010"]
[Source "ChessBase"]
[SourceDate "2010.11.25"]
[SourceVersion "1"]
[SourceVersionDate "2010.11.25"]
[SourceQuality "1"]

1. d4 Nf6 2. Nf3 g6 3. Bf4 d6 4. e3 Bf5 5. Be2 Bg7 6. c3 0-0 7. 0-0 Nbd7 8. Nbd2 c5 9. h3 Be4 10. Nxe4 Nxe4 11. Ng5 Nxg5 12. Bxg5 cxd4 13. exd4 Bf6 14. Bf4 Qb6 15. Rb1 Rad8 16. Re1 e5 17. dxe5 dxe5 18. Be3 Qc6 19. Qc2 Nb6 20. Bf3 Qc7 21. Rbd1 Nc4 22. Bh6 Rfe8 23. b3 Na3 24. Qb2 Nb5 25. Re3 Rxd1+ 26. Bxd1 Rc8 27. c4 Nd4 28. Bf3 Nf5 29. Rd3 Nxh6 30. Be4 Nf5 31. Bxf5 gxf5 32. Rg3+ Bg7 33. Qc2 Qd7 34. Qc3 f6 35. Qc2 Rd8 36. Kf1 Qd1+ 37. Qxd1 Rxd1+ 38. Ke2 Ra1 39. a4 Ra2+ 40. Kf3 Rb2 41. h4 Rxb3+ 42. Ke2 Rxg3 43. fxg3 h5 44. Kd3 Kf7 45. c5 Ke7 46. Kc4 Kd7 47. Kb5 e4 48. Kc4 Kc6 0-1

[Event "Sachsen-ch U16 Girls"]
[Site "Sebnitz"]
[Date "2009.04.15"]
[Round "3"]
[White "Stark, Saskia"]
[Black "Schaetz, Annika"]
[Result "1/2-1/2"]
[WhiteElo "1855"]
[BlackElo "1717"]
[PlyCount "39"]
[EventDate "2009.04.14"]
[EventType "swiss"]
[EventRounds "7"]
[EventCountry "GER"]
[SourceTitle "EXT 2010"]
[Source "ChessBase"]
[SourceDate "2010.11.25"]
[SourceVersion "1"]
[SourceVersionDate "2010.11.25"]
[SourceQuality "1"]

1. e4 c5 2. Nf3 Nc6 3. d4 cxd4 4. Nxd4 Nf6 5. Nc3 d6 6. Bg5 e6 7. Nxc6 bxc6 8. e5 h6 9. Bxf6 gxf6 10. exd6 Qxd6 11. Qxd6 Bxd6 12. Ne4 Be5 13. c3 Rb8 14. 0-0-0 Ke7 15. g3 f5 16. Nd2 Rd8 17. Bg2 Bb7 18. Rhe1 Bc7 19. Nb3 Bb6 20. f4 1/2-1/2

[Event "GER-chT U16"]
[Site "Bingen"]
[Date "2008.12.29"]
[Round "6.3"]
[White "Schaetz, Annika"]
[Black "Gogol, Max"]
[Result "1-0"]
[WhiteElo "1693"]
[BlackElo "1643"]
[PlyCount "59"]
[EventDate "2008.12.27"]
[EventType "team-swiss"]
[EventRounds "7"]
[EventCountry "GER"]
[SourceTitle "EXT 2010"]
[Source "ChessBase"]
[SourceDate "2010.11.25"]
[SourceVersion "1"]
[SourceVersionDate "2010.11.25"]
[SourceQuality "1"]
[WhiteTeam "Chemnitz USG U16"]
[BlackTeam "Kiel Meerbauer U16"]
[WhiteTeamCountry "GER"]
[BlackTeamCountry "GER"]

1. e4 c5 2. Nf3 e6 3. d4 cxd4 4. Nxd4 a6 5. Nc3 Qc7 6. Bd3 Nf6 7. Bd2 Be7 8. 0-0 0-0 9. Kh1 d6 10. f4 Nbd7 11. Qe2 b5 12. Rae1 Nc5 13. f5 e5 14. Nb3 Bb7 15. g4 b4 16. g5 bxc3 17. gxf6 cxd2 18. fxe7 Qxe7 19. Qxd2 Nxd3 20. Qxd3 f6 21. Na5 Kh8 22. b3 Rad8 23. Nxb7 Qxb7 24. c4 a5 25. Rf3 Qb4 26. Rg1 a4 27. Rh3 Qa3 28. Qg3 Rd7 29. Qg6 h6 30. Rxh6+ 1-0

[Event "GER-chT U16"]
[Site "Bingen"]
[Date "2008.12.28"]
[Round "4.3"]
[White "Schaetz, Annika"]
[Black "Neukoetter, Moritz"]
[Result "1-0"]
[WhiteElo "1693"]
[BlackElo "1685"]
[PlyCount "69"]
[EventDate "2008.12.27"]
[EventType "team-swiss"]
[EventRounds "7"]
[EventCountry "GER"]
[SourceTitle "EXT 2010"]
[Source "ChessBase"]
[SourceDate "2010.11.25"]
[SourceVersion "1"]
[SourceVersionDate "2010.11.25"]
[SourceQuality "1"]
[WhiteTeam "Chemnitz USG U16"]
[BlackTeam "Paderborn Schachfreunde 2000 U16"]
[WhiteTeamCountry "GER"]
[BlackTeamCountry "GER"]

1. e4 c5 2. Nf3 Nc6 3. d4 cxd4 4. Nxd4 g6 5. Nc3 Bg7 6. Be3 Nf6 7. Bc4 0-0 8. Bb3 d6 9. f3 Bd7 10. Qd2 h5 11. 0-0-0 Nxd4 12. Bxd4 Qc7 13. Rdg1 Rfc8 14. h4 e6 15. g4 e5 16. Be3 hxg4 17. h5 gxh5 18. Bg5 Be6 19. Bxe6 fxe6 20. Bxf6 Bxf6 21. Rxh5 Kf7 22. Rh7+ Bg7 23. Rxg4 Rg8 24. Qh6 Kf8 25. Qxe6 Re8 26. Rgxg7 Qxg7 27. Qf5+ Ke7 28. Nd5+ Kd8 29. Rxg7 Rxg7 30. Qf6+ Rge7 31. Nxe7 Rxe7 32. Qxd6+ Ke8 33. Qb8+ Kf7 34. Qxa7 Kf6 35. Qe3 1-0

[Event "GER-ch U14 Girls"]
[Site "Willingen"]
[Date "2008.05.11"]
[Round "2"]
[White "Schaetz, Annika"]
[Black "Klek, Hanna Marie"]
[Result "0-1"]
[WhiteElo "1729"]
[BlackElo "1919"]
[PlyCount "114"]
[EventDate "2008.05.11"]
[EventType "swiss"]
[EventRounds "9"]
[EventCountry "GER"]
[SourceTitle "CBM 124 Extra"]
[Source "ChessBase"]
[SourceDate "2008.07.03"]
[SourceVersion "1"]
[SourceVersionDate "2008.07.03"]
[SourceQuality "1"]

1. e4 c5 2. Nf3 d6 3. d4 cxd4 4. Nxd4 Nf6 5. Nc3 a6 6. Bg5 e6 7. f4 Nbd7 8. Qf3 Qc7 9. 0-0-0 b5 10. g4 b4 11. Nce2 Bb7 12. Ng3 Rc8 13. Bd3 Be7 14. Rhg1 h6 15. Bxf6 Bxf6 16. Nde2 Nc5 17. Nh5 b3 18. Nxf6+ gxf6 19. axb3 Nxb3+ 20. Kb1 Nc5 21. Qe3 Nxd3 22. Qxd3 Qc4 23. Nc3 Qxd3 24. Rxd3 Ke7 25. Rgd1 Rc6 26. f5 a5 27. R3d2 Ba6 28. Ne2 Bxe2 29. Rxe2 Rg8 30. h3 Rb8 31. Kc1 Rb3 32. c3 a4 33. Rd3 a3 34. bxa3 Rxa3 35. Kb2 Rca6 36. Red2 Ra2+ 37. Kb3 R6a3+ 38. Kb4 Ra4+ 39. Kb3 Rxd2 40. Rxd2 Rxe4 41. fxe6 fxe6 42. Rd3 h5 43. gxh5 Rh4 44. Kc2 Rxh5 45. Kd2 e5 46. Ke2 Ke6 47. Rg3 Rh4 48. Kd3 d5 49. Ke3 Rh6 50. Kf2 e4 51. Kg2 Kf5 52. Kf2 Rg6 53. Re3 Kf4 54. h4 Rh6 55. Rh3 Rh5 56. Ke2 Kg4 57. Rh2 Rxh4 0-1

[Event "GER-ch U14 Girls"]
[Site "Willingen"]
[Date "2008.05.11"]
[Round "6"]
[White "Schaetz, Annika"]
[Black "Orhan, Eda"]
[Result "1-0"]
[WhiteElo "1729"]
[BlackElo "1534"]
[PlyCount "113"]
[EventDate "2008.05.11"]
[EventType "swiss"]
[EventRounds "9"]
[EventCountry "GER"]
[SourceTitle "CBM 124 Extra"]
[Source "ChessBase"]
[SourceDate "2008.07.03"]
[SourceVersion "1"]
[SourceVersionDate "2008.07.03"]
[SourceQuality "1"]

1. e4 d5 2. exd5 Qxd5 3. Nc3 Qd6 4. d4 Nf6 5. g3 c6 6. Bg2 Bg4 7. Nge2 e6 8. 0-0 Nbd7 9. Re1 Be7 10. a3 Qc7 11. h3 Bh5 12. Bf4 Bd6 13. Qd2 0-0 14. Ne4 Nxe4 15. Bxe4 Bg6 16. Bg2 Nf6 17. Bxd6 Qxd6 18. Nf4 Rad8 19. Rad1 Rfe8 20. Nxg6 hxg6 21. Qa5 Qb8 22. c4 b6 23. Qe5 c5 24. Qxb8 Rxb8 25. dxc5 bxc5 26. Rd2 Red8 27. Red1 Rxd2 28. Rxd2 Kf8 29. Kf1 Ke7 30. Ke2 g5 31. Kd3 Rb3+ 32. Kc2 Rb8 33. Kc3 a5 34. b3 Nd7 35. Rb2 Nb6 36. Bc6 Kd6 37. Bb5 f5 38. Rd2+ Ke7 39. b4 axb4+ 40. axb4 cxb4+ 41. Kxb4 g6 42. Kc5 e5 43. Rd6 Rc8+ 44. Rc6 Rxc6+ 45. Kxc6 Nd7 46. Kd5 e4 47. Bxd7 Kxd7 48. g4 Kc7 49. gxf5 gxf5 50. Ke5 g4 51. hxg4 e3 52. fxe3 fxg4 53. Kf4 Kd6 54. Kxg4 Kc5 55. Kf5 Kd6 56. c5+ Ke7 57. e4 1-0

[Event "GER-ch U14 Girls"]
[Site "Willingen"]
[Date "2008.05.11"]
[Round "4"]
[White "Weissenburg, Isabel"]
[Black "Schaetz, Annika"]
[Result "0-1"]
[WhiteElo "1406"]
[BlackElo "1729"]
[PlyCount "50"]
[EventDate "2008.05.11"]
[EventType "swiss"]
[EventRounds "9"]
[EventCountry "GER"]
[SourceTitle "CBM 124 Extra"]
[Source "ChessBase"]
[SourceDate "2008.07.03"]
[SourceVersion "1"]
[SourceVersionDate "2008.07.03"]
[SourceQuality "1"]

1. e4 c5 2. Nf3 Nc6 3. d4 cxd4 4. Nxd4 g6 5. Nc3 Bg7 6. Be3 Nf6 7. f3 0-0 8. Qd2 d5 9. exd5 Nxd5 10. Nxc6 bxc6 11. Bd4 Bxd4 12. Qxd4 Qa5 13. Qa4 Qb6 14. Nxd5 cxd5 15. 0-0-0 Be6 16. Qd4 Qa5 17. Kb1 Rab8 18. g4 Rfc8 19. h4 Rb4 20. Qe5 Rc5 21. b3 d4 22. Qe2 Qa3 23. h5 Bxb3 24. cxb3 Rxb3+ 25. axb3 Qxb3+ 0-1

[Event "GER-chT U14 Girls"]
[Site "Stuttgart"]
[Date "2007.12.29"]
[Round "5.3"]
[White "Kleinschmidt, Annika"]
[Black "Schaetz, Annika"]
[Result "1-0"]
[WhiteElo "1384"]
[BlackElo "1608"]
[PlyCount "113"]
[EventDate "2007.12.27"]
[EventType "team-swiss"]
[EventRounds "7"]
[EventCountry "GER"]
[SourceTitle "EXT 2009"]
[Source "ChessBase"]
[SourceDate "2008.11.26"]
[SourceVersion "1"]
[SourceVersionDate "2008.11.26"]
[SourceQuality "1"]
[WhiteTeam "Nordhorn Blanke U14 Girls"]
[BlackTeam "Chemnitz USG U14 Girls"]
[WhiteTeamCountry "GER"]
[BlackTeamCountry "GER"]

1. e4 c5 2. Nc3 Nc6 3. f4 g6 4. Bc4 Bg7 5. Nf3 e6 6. 0-0 Nge7 7. d3 0-0 8. Qe1 a6 9. a4 d6 10. Qh4 d5 11. Bb3 Nd4 12. Nxd4 cxd4 13. Ne2 dxe4 14. dxe4 d3 15. Nc3 Nc6 16. Qxd8 Rxd8 17. Rd1 dxc2 18. Rxd8+ Nxd8 19. Bxc2 Bd7 20. Be3 Bc6 21. Rd1 b5 22. axb5 Bxb5 23. e5 Rc8 24. Be4 Bf8 25. Nxb5 axb5 26. Bd3 b4 27. Be4 Nc6 28. Rc1 Na7 29. Rd1 Bc5 30. Bxc5 Rxc5 31. Rd4 Rb5 32. Rc4 Kf8 33. Kf2 Ke8 34. Ke2 Kd7 35. Kd3 Rb6 36. Kc2 Nc6 37. Bxc6+ Rxc6 38. Kb3 Rb6 39. Rxb4 Rc6 40. g3 Rc1 41. Rd4+ Ke7 42. Rd2 h6 43. Ka2 f6 44. exf6+ Kxf6 45. b4 Rc7 46. Kb3 Re7 47. b5 e5 48. fxe5+ Rxe5 49. Kc4 Re4+ 50. Kd5 Re5+ 51. Kc6 Re1 52. b6 Rc1+ 53. Kb7 Ke6 54. Kb8 Rb1 55. b7 Ke7 56. Ra2 Rd1 57. Ka8 1-0

[Event "Sachsen-ch U14 Girls"]
[Site "Sebnitz"]
[Date "2007.04.14"]
[Round "7"]
[White "Erofeev, Anastasia"]
[Black "Schaetz, Annika"]
[Result "0-1"]
[WhiteElo "1388"]
[BlackElo "1486"]
[PlyCount "60"]
[EventDate "2007.04.10"]
[EventType "swiss"]
[EventRounds "7"]
[EventCountry "GER"]
[SourceTitle "EXT 2008"]
[Source "ChessBase"]
[SourceDate "2007.11.25"]
[SourceVersion "1"]
[SourceVersionDate "2007.11.25"]
[SourceQuality "1"]

1. e4 c5 2. c3 Nf6 3. e5 Nd5 4. d4 cxd4 5. cxd4 d6 6. Nf3 Nc6 7. exd6 Qxd6 8. Nc3 Nxc3 9. bxc3 e6 10. Be3 Be7 11. Bd3 0-0 12. 0-0 b6 13. Re1 Bb7 14. Qc2 g6 15. Bc4 Rac8 16. Bb3 Bf6 17. Qd2 Na5 18. Bf4 Qc6 19. Rac1 Rfd8 20. Re3 Nxb3 21. axb3 Bxd4 22. Rd3 Bf6 23. Ne1 Rxd3 24. Qxd3 Rd8 25. Qg3 Qb5 26. c4 Qf5 27. Bb8 Bb2 28. Qc7 Rd2 29. Qxb7 Qxf2+ 30. Kh1 Qf1# 0-1

[Event "Sachsen-ch U14 Girls"]
[Site "Sebnitz"]
[Date "2007.04.13"]
[Round "5"]
[White "Nguyen Minh, Thuy"]
[Black "Schaetz, Annika"]
[Result "0-1"]
[WhiteElo "1621"]
[BlackElo "1486"]
[PlyCount "62"]
[EventDate "2007.04.10"]
[EventType "swiss"]
[EventRounds "7"]
[EventCountry "GER"]
[SourceTitle "EXT 2008"]
[Source "ChessBase"]
[SourceDate "2007.11.25"]
[SourceVersion "1"]
[SourceVersionDate "2007.11.25"]
[SourceQuality "1"]

1. e4 c5 2. Nf3 d6 3. Nc3 Nf6 4. d4 cxd4 5. Nxd4 g6 6. Be2 Bg7 7. Be3 0-0 8. f3 Nc6 9. Qd2 Bd7 10. 0-0 Rc8 11. Nxc6 Bxc6 12. Bxa7 b6 13. Qe3 Nd7 14. Nb5 Ra8 15. a4 Bxb5 16. axb5 Qc7 17. Bxb6 Qxb6 18. Qxb6 Nxb6 19. Rab1 Rfc8 20. Bd3 Ra2 21. b3 Nd7 22. c4 Nc5 23. Rfd1 Rca8 24. h3 Kf8 25. b4 Nxd3 26. Rxd3 Rc2 27. c5 dxc5 28. Rbd1 Bd4+ 29. Kh1 Raa2 30. bxc5 Bxc5 31. Rd5 Bb6 0-1

[Event "Sachsen-ch U14 Girls"]
[Site "Sebnitz"]
[Date "2007.04.12"]
[Round "4"]
[White "Schaetz, Annika"]
[Black "Graf, Maria"]
[Result "1-0"]
[WhiteElo "1486"]
[BlackElo "882"]
[PlyCount "43"]
[EventDate "2007.04.10"]
[EventType "swiss"]
[EventRounds "7"]
[EventCountry "GER"]
[SourceTitle "EXT 2008"]
[Source "ChessBase"]
[SourceDate "2007.11.25"]
[SourceVersion "1"]
[SourceVersionDate "2007.11.25"]
[SourceQuality "1"]

1. e4 e6 2. d4 d5 3. Nc3 c5 4. exd5 exd5 5. dxc5 Nf6 6. Bg5 d4 7. Bxf6 Qxf6 8. Ne4 Qe5 9. Qe2 Be6 10. Nf3 Qd5 11. Nfg5 Na6 12. Nxe6 fxe6 13. Qg4 Qe5 14. 0-0-0 Rc8 15. Bb5+ Ke7 16. Rhe1 Nb4 17. Qh4+ Kf7 18. Ng5+ Ke7 19. Rxe5 Nxa2+ 20. Kb1 Kf6 21. Rxe6+ Kf5 22. Bd3# 1-0